Bad girls: the media, sex and feminism in the '90s

Saved in:  
Bibliographic Details
Main Author: Lumby, Catharine (Author)
Format: Print Book
Language:English
Published: St. Leonards, NSW Allen & Unwin 1997
In:Year: 1997
Edition:1. publ.
Online Access: Table of Contents
Availability in Tübingen:Present in Tübingen.
UB: KB 19 A 6201
Check availability: HBZ Gateway
Subito Delivery Service: Order now.
Keywords:

MARC

LEADER 00000cam a2200000 c 4500
001 237479737
003 DE-627
005 20251222210328.0
007 tu
008 971203s1997 at ||||| 00| ||eng c
010 |a  97146301  
016 7 |a 1864480769  |2 UK 
020 |a 9781864480764  |9 978-1-86448-076-4 
020 |a 1864480769  |9 1-86448-076-9 
035 |a (DE-627)237479737 
035 |a (DE-576)060711930 
035 |a (DE-599)GBV237479737 
035 |a (OCoLC)612100823 
035 |a (OCoLC)37839990 
040 |a DE-627  |b ger  |c DE-627  |e rakwb 
041 |a eng 
044 |c XE-AU 
050 0 |a P94.5.W65 
082 0 |a 305.42 
084 |a 7,25  |2 ssgn 
084 |a 71.38  |2 bkl 
084 |a 15.08  |2 bkl 
084 |a 15.95  |2 bkl 
100 1 |a Lumby, Catharine  |4 aut 
245 1 0 |a Bad girls  |b the media, sex and feminism in the '90s  |c Catharine Lumby 
250 |a 1. publ. 
264 1 |a St. Leonards, NSW  |b Allen & Unwin  |c 1997 
300 |a XXVIII, 192 S  |b Ill.  |c 20 cm 
336 |a Text  |b txt  |2 rdacontent 
337 |a ohne Hilfsmittel zu benutzen  |b n  |2 rdamedia 
338 |a Band  |b nc  |2 rdacarrier 
583 1 |a Archivierung prüfen  |c 20200919  |f DE-640  |z 2  |2 pdager 
583 1 |a Archivierung prüfen  |c 20240324  |f DE-4165  |z 1  |2 pdager 
650 0 |a Women in mass media 
650 0 |a Sexism in mass media 
650 0 |a Feminism 
650 0 |a Feminists  |x Attitudes 
650 0 |a Feminist Theory 
650 0 |a Mass Media  |x Censorship 
689 0 0 |d g  |0 (DE-588)4003900-6  |0 (DE-627)106388347  |0 (DE-576)208853154  |a Australien  |2 gnd 
689 0 1 |d s  |0 (DE-588)4222126-2  |0 (DE-627)104499168  |0 (DE-576)210278633  |a Feminismus  |2 gnd 
689 0 2 |d s  |0 (DE-588)4054684-6  |0 (DE-627)104730374  |0 (DE-576)20911004X  |a Sexualität  |2 gnd 
689 0 3 |d s  |0 (DE-588)4047516-5  |0 (DE-627)106194380  |0 (DE-576)209073810  |a Prostitution  |2 gnd 
689 0 4 |d s  |0 (DE-588)4169187-8  |0 (DE-627)105411868  |0 (DE-576)209921099  |a Medien  |2 gnd 
689 0 |5 (DE-627) 
856 4 2 |u http://www.gbv.de/dms/hbz/toc/ht008709411.pdf  |m V:DE-605  |q pdf/application  |v 2008-11-15  |x Verlag  |y Inhaltsverzeichnis  |3 Inhaltsverzeichnis  |7 1 
935 |i Blocktest 
936 b k |a 71.38  |j Soziale Bewegungen  |0 (DE-627)10641612X 
936 b k |a 15.08  |j Sozialgeschichte  |0 (DE-627)181571005 
936 b k |a 15.95  |j Australien  |j Neuseeland  |j Ozeanien  |x Geschichte  |0 (DE-627)106405276 
951 |a BO 
ELC |b 1 
LOK |0 000 xxxxxcx a22 zn 4500 
LOK |0 001 3200481633 
LOK |0 003 DE-627 
LOK |0 004 237479737 
LOK |0 005 19980409000000 
LOK |0 008 971209||||||||||||||||ger||||||| 
LOK |0 040   |a DE-21  |c DE-627  |d DE-21 
LOK |0 852   |a DE-21 
LOK |0 852 1  |c KB 19 A 6201  |9 00 
LOK |0 935   |a krim 
LOK |0 936ln  |a k7.3.2.3 
LOK |0 939   |a 09-12-97  |b l01 
ORI |a SA-MARC-krimdoka001.raw 
SIG |a UB: KB 19 A 6201 
TIM |a 100019010101_100020261231  |b 1901 - 2026